000 00618nam a22002057a 4500
999 _c9398
_d9398
003 AR-CdUCM
008 190327b ||||| |||| 00| 0 spa d
040 _aMUNICIPALIDAD PROVINCIAL DEL CUSCO
_cBIBLIOTECA MUNICIPAL DEL CUSCO
082 _a869.56 /
_bC13
100 _aCabel M, Jesús
_925572
245 _aAusencia :
_bPoemas 1965 - 1966 /
260 _aLima :
_bLa nueva generación,
_c1967-
300 _a62 paginas ;
_c17 cm.
500 _aDonación familia Nieto.
505 _aContenido :Poema
650 _aPoemas peruanos
_91040
650 _aLiteratura peruana
_9169
942 _2ddc
_cLIBROS
945 _arum